Pío Baroja : (Registro nro. 9212)

Detalles MARC
000 -CABECERA
Campo de control interno 01668nam a2200241Ia 4500
008 - ELEMENTOS DE LONGITUD FIJA - INFORMACIÓN GENERAL
Campo de control de longitud fija 260220t1972||||xx |||||||||||||| ||spa||
040 ## - FUENTE DE CATALOGACIÓN
Agencia de catalogación original PY-SlUNAC
Idioma de catalogación spa
Convenciones de descripción rda
041 ## - CÓDIGO DE IDIOMA
Código de idioma para texto/pista de sonido o título separado spa
082 ## - NÚMERO DE CLASIFICACIÓN DECIMAL DEWEY
Clasificación Decimal Dewey (CDD) 863
Clasificación Expansiva de Cutter (EC) L849p
100 ## - ASIENTO PRINCIPAL - NOMBRE PERSONAL
Nombre personal Longares, Manuel
Rol del autor Autor
245 #0 - TÍTULO
Título Pío Baroja :
Subtítulo escritos de juventud (1890 -1904) /
Mención de responsabilidad por Manuel Longares [Autor]
264 ## - PIE DE IMPRENTA
Lugar Madrid :
Editorial Cuadernos para el dialogo,
Año ℗1972.
300 ## - DESCRIPCIÓN FÍSICA
Páginas 1 volumen
520 ## - NOTA DE RESUMEN
Nota de resumen El libro "Pío Baroja: escritos de juventud (1890-1904)" de Manuel Longares ofrece un análisis profundo de los primeros años de la producción literaria de Pío Baroja, uno de los más destacados novelistas de la Generación del 98 en España. A través de una cuidadosa selección de textos y cartas, Longares examina la evolución del pensamiento y estilo de Baroja, resaltando la influencia de su entorno social y cultural en su obra. Se abordan temas como la búsqueda de la identidad, la crítica social y la exploración de la condición humana, que se convierten en ejes fundamentales en la narrativa barojiana. Asimismo, el autor coloca a Baroja en el contexto de su época, analizando su relación con otros escritores contemporáneos y la recepción de sus obras en la sociedad española. Este estudio no solo enriquece la comprensión de la obra de Baroja, sino que también proporciona una visión significativa del desarrollo de la literatura española moderna.
651 ## - MATERIA - NOMBRE GEOGRÁFICO
Materia - nombre geográfico España
653 ## - MATERIA - TÉRMINO TEMÁTICO NO CONTROLADO (PALABRAS CLAVE)
Materia - término temático no controlado (palabras clave) Escritores
653 ## - MATERIA - TÉRMINO TEMÁTICO NO CONTROLADO (PALABRAS CLAVE)
Materia - término temático no controlado (palabras clave) Literatura
942 ## - ELEMENTOS PERSONALIZADOS (KOHA)
Fecha catalogación 2026/02/17
Tipo de documento Libros
Existencias
Fuente de Clasificacion Colección Ubicacion permanente Biblioteca actual Fecha de Ingreso a la Biblioteca Origen de adquisición Código de ubicación Código de barras Tipo de Item KOHA Nota pública
Dewey Decimal Classification Colección General (CG) Biblioteca e Internet, Facultad de Ciencias Exactas y Naturales Biblioteca e Internet, Facultad de Ciencias Exactas y Naturales 02/20/2026 Donación 863 L849p CG2572 Libros Material disponible en la Biblioteca e Intenet, Campus UNA, San Lorenzo.